Advances in Econometrics, Operational Research, Data Science and Actuarial Studies Techniques and Theories

Guardado en:
Detalles Bibliográficos
Otros Autores: Terzioğlu, M. Kenan
Formato: Libro
Lenguaje:inglés
Publicado: Cham Springer 2022
Materias:
Etiquetas: Agregar Etiqueta
Sin Etiquetas, Sea el primero en etiquetar este registro!

MARC

LEADER 00000nam a2200000 4500
001 0300462
005 20240704092851.8
020 |a 978-3-030-85253-5 
041 0 |a eng 
044 |a CH 
245 1 0 |a Advances in Econometrics, Operational Research, Data Science and Actuarial Studies  |b Techniques and Theories  |c editor M. Kenan Terzioğlu 
264 1 |a Cham  |b Springer  |c 2022 
300 |a 591 s. 
610 2 0 |a ekonometria 
610 2 0 |a výskum operačný 
610 2 0 |a dáta 
610 2 0 |a spracovanie dát 
610 2 0 |a analýza dát 
610 2 0 |a inteligencia umelá 
610 2 0 |a teória rozhodovania 
610 2 0 |a riadenie rizík 
610 2 0 |a modely lineárne 
610 2 0 |a modely nelineárne 
610 2 0 |a rady časové 
700 1 |a Terzioğlu, M. Kenan